000 00476nam a2200169 a 4500
001 000039420
005 20201002031636.0
008 130626s1978 dr 000 0 spa d
020 _a9684290314
040 _aDO-SdBNP
_bspa
_cBNPHU
100 1 _aAcot, Pascal
_965617
245 1 0 _aIntroducción a la ecología /
_cPascal Acot.
260 _aMéxico :
_bEditorial Nueva Imagen,
_c1978.
300 _a151 p. ;
_c22 cm.
300 _a151 p. ;
_c22 cm.
500 _aIncluye índice
999 _c38910
_d38910